Vocabulary workbook, Grade 1 : (Record no. 113140)
[ view plain ]
| 000 -LEADER | |
|---|---|
| fixed length control field | 00612nam a2200181 a 4500 |
| 001 - CONTROL NUMBER | |
| control field | 3004 |
| 005 - DATE AND TIME OF LATEST TRANSACTION | |
| control field | 20140414132004.0 |
| 008 - FIXED-LENGTH DATA ELEMENTS--GENERAL INFORMATION | |
| fixed length control field | 060103s19uu xx 00 eng d |
| 020 ## - INTERNATIONAL STANDARD BOOK NUMBER | |
| International Standard Book Number | 0-439-55379-2 |
| 050 ## - LIBRARY OF CONGRESS CALL NUMBER | |
| Classification number | TR 418.4 |
| Item number | R15 2004 |
| 100 ## - MAIN ENTRY--PERSONAL NAME | |
| Personal name | Randolph, Danette |
| 245 ## - TITLE STATEMENT | |
| Title | Vocabulary workbook, Grade 1 : |
| Statement of responsibility, etc | by Danette Randolph. |
| Remainder of title | Scholastic success with . . / |
| 260 ## - PUBLICATION, DISTRIBUTION, ETC. (IMPRINT) | |
| Place of publication, distribution, etc | New York : |
| Name of publisher, distributor, etc | Scholastic Teaching Resources, |
| Date of publication, distribution, etc | 2004. |
| 300 ## - PHYSICAL DESCRIPTION | |
| Extent | 48 p. ; cm. |
| 650 ## - SUBJECT ADDED ENTRY--TOPICAL TERM | |
| Topical term or geographic name as entry element | English language |
| General subdivision | Study and teaching |
| -- | Juvenile literature. |
| 650 ## - SUBJECT ADDED ENTRY--TOPICAL TERM | |
| Topical term or geographic name as entry element | Reading |
| General subdivision | Study and teaching |
| -- | Juvenile literature. |
| Withdrawn status | Lost status | Damaged status | Use restrictions | Home library | Current library | Shelving location | Date acquired | Source of acquisition | Cost, normal purchase price | Total Checkouts | Full call number | Barcode | Date last seen | Price effective from | Koha item type |
|---|---|---|---|---|---|---|---|---|---|---|---|---|---|---|---|
| Munich Library | Munich Library | Teachers Reference Section | 01/03/2006 | 195.00 | TR 418.4 R15 2004 | M4633 | 04/14/2014 | 04/14/2014 | Books |